00912nam a2200229 i 450000100060000000300090000600500170001500700030003200800410003510000320007624501070010826000680021530000220028349000400030565000240034570000280036970000410039783000690043885200320050799900170053995201260055636653ES-MaACL20250927104936.0t|030218s1959 sp ||||1| spa d1 aBuck, Jean Marie de.93231510aEducadores a la deriva / cAngel del Hogar [seud.] por J. M. de Buck ; traducción de Rafael Goenaga. a[Bilbao] : bDesclée de Brouwer, c1959 (fGráficas Bilbao) a178 p. ; c19 cm.1 aColección "Educación y Familia" 4aEducadores.91651861 aGoenaga, Rafael.9575621 aDufoyer, Pierre, d1898-1959917146100aColección educación y familia (Desclée de Brouwer)9182029 aES-MaACLjC-18026 bR.45481 c36653d36653 00104070aATENEOMbATENEOMcGaleríad2008-01-17eSCl0oC-18026p1038522r2023-02-23 00:00:00w2023-02-23yMONOGRAFIA